Statistics for Scottish football champions

Click here to take the quiz!

General Stats

  • This quiz has been taken 2,121 times
  • The average score is 51 of 52

Answer Stats

HintAnswer% Correct
02-03 | 08-09 | 09-10 | +18 othersRangers
100%
00-01 | 01-02 | 03-04 | +21 othersCeltic
100%
04-05 | 86-87Rangers
99%
79-80 | 83-84 | 84-85Aberdeen
94%
82-83Dundee United
84%
64-65Kilmarnock
54%

Score Distribution

Percentile by Number Answered

Percent of People with Each Score

Your Score History

You have not taken this quiz